| 000 | 00848cam a2200301 4500 | ||
|---|---|---|---|
| 008 | 090401t1993 xxu||||| |||| 00| 0 eng d | ||
| 020 | _a0333578341 | ||
| 035 | _a(Sirsi) u8854 | ||
| 041 | _aeng | ||
| 050 |
_a690.23 _c18 |
||
| 100 | _aHutchinson, Keith | ||
| 245 |
_aBuilding project appraisal _banalysis of value and cost |
||
| 260 |
_aBasingstoke _bMacmillan _c1993 |
||
| 300 |
_ax, 107p. _c23cm. |
||
| 350 | _a13.99 | ||
| 490 | _aMacmillan Building and Surveying Series | ||
| 650 | _aBUILT ENVIRONMENT-BUILDING COSTS | ||
| 650 | _aBUILDING ECONOMICS | ||
| 650 | _aDEVELOPMENT BUDGET | ||
| 650 | _aDEVELOPMENT PROCESS | ||
| 650 | _aFEASIBILITY STUDIES | ||
| 650 | _aPROJECT APPRAISAL | ||
| 650 | _aPROJECT VALUE | ||
| 650 | _aRISK ANALYSIS | ||
| 690 | _aPROPERTY-PROPERTY DEVELOPMENT | ||
| 942 | _n0 | ||
| 948 | _c04/03/1997 | ||
| 999 |
_c86571 _d86571 |
||